La Generalitat de Catalunya a les comarques gironines : obra republicana / report de la Comissaria Delegada obra republicana / report de la Comissaria Delegada
Descripción Física:
210 p., [4] f., [35] làm., 1 mapa ; 24 cm
MARC
| LEADER | 00000nam a2200000Ia 4500 | ||
|---|---|---|---|
| 001 | 546 | ||
| 008 | 160829s1932 xx 000 0 cat d | ||
| 080 | |a M-1-292 | ||
| 100 | |a Catalunya. Comissaria de Girona |9 24323 | ||
| 245 | |a La Generalitat de Catalunya a les comarques gironines : |b obra republicana / report de la Comissaria Delegada | ||
| 260 | |a Girona : |b (Tallers Gràf. Casa d'Assistència i Ensenyament), |c 1932 | ||
| 300 | |a 210 p., [4] f., [35] làm., 1 mapa ; |c 24 cm | ||
| 650 | |a Girona. Diputació |x Política i govern |x 1931/1939 |9 24324 | ||
| 650 | |a Catalunya. Generalitat, 1931/1939, Segona República |9 24325 | ||
| 901 | |a Arxiu | ||
| 942 | |n 1 | ||
| 952 | |0 0 |1 0 |4 0 |6 M1292 |7 1 |9 43085 |a Arxiu |b Arxiu |d 2016-12-01 |l 0 |o M-1-292 |p 546 |r 2016-12-01 00:00:00 |w 2016-12-01 |y ARXIU | ||
| 999 | |c 45629 |d 45629 | ||